000 01001cam a22003133a 4500
001 41117
003 PGUSA
005 20140828083927.0
008 121020s2012||||xxu|||||s|||||000 1 eng d
040 _aPGUSA
_beng
042 _adc
050 4 _aPZ
100 1 _aRaymond, Evelyn,
_d1843-1910
245 1 0 _aDorothy at Skyrie
_h[electronic resource] /
_cEvelyn Raymond
260 _bProject Gutenberg,
_c2012
506 _aPublic domain in the USA.
516 _aElectronic text
653 _aGold mines and mining -- Juvenile fiction
653 _aFarm life -- Juvenile fiction
653 _aFamilies -- Juvenile fiction
653 _aFriendship -- Juvenile fiction
653 _aParents -- Juvenile fiction
653 _aSocial adjustment -- Juvenile fiction
653 _aChester, Dorothy (Fictitious character) -- Juvenile fiction
653 _aPonies -- Juvenile fiction
830 0 _aProject Gutenberg
_v41117
856 4 0 _uhttp://www.gutenberg.org/ebooks/41117
942 _cEB
999 _c270369
_d270369